Supply chains: (Record no. 593263)

000 -LEADER
fixed length control field 00345nam a22001217a 4500
020 ## - INTERNATIONAL STANDARD BOOK NUMBER
International Standard Book Number 8129703343
082 ## - DEWEY DECIMAL CLASSIFICATION NUMBER
Classification number 658.5
Author Mark TAY
100 ## - MAIN ENTRY--PERSONAL NAME
Personal name Taylor, David A.
9 (RLIN) 65991
245 ## - TITLE STATEMENT
Title Supply chains:
Remainder of title a manager;s guide/
Statement of responsibility, etc. David A. Taylor
260 ## - PUBLICATION, DISTRIBUTION, ETC.
Place of publication, distribution, etc. New Delhi:
Name of publisher, distributor, etc. Pearson Education,
Date of publication, distribution, etc. 2004.
300 ## - PHYSICAL DESCRIPTION
Extent xix, 358p. ;
Other physical details Paperback,
Dimensions 24cm.
942 ## - ADDED ENTRY ELEMENTS (KOHA)
Source of classification or shelving scheme
Koha item type Book
Holdings
Withdrawn status Lost status Source of classification or shelving scheme Damaged status Not for loan Permanent Location Current Location Shelving location Date acquired Total Checkouts Full call number Barcode Date last seen Price effective from Koha item type
          School of Mechanical & Manufacturing Engineering (SMME) School of Mechanical & Manufacturing Engineering (SMME) General Stacks 02/14/2023   658.5 TAY SMME-3786 02/14/2023 02/14/2023 Book
© 2023 Central Library, National University of Sciences and Technology. All Rights Reserved.